LEADER 00899nam0-2200277 --450 001 9910165758903321 005 20180319102552.0 020 $aIT$b633670 100 $a20170307d1963----kmuy0itay5050 ba 101 0 $aita 102 $aIT 105 $a 001yy 200 1 $aCome si applica l'imposta sulle aree fabbricabili$e[ trattato pratico: leggi, commento, esempi e modelli sulla tassazione...]$fFrancesco Tamborrino 210 $aMilano$cConsulente immobiliare$d1963 215 $a254 p.$d24 cm$efascicolo Legge 5 marzo 1963, n. 246 676 $a336$v16 700 1$aTamborrino,$bFrancesco$09567 801 0$aIT$bUNINA$gRICA$2UNIMARC 901 0$aBK 912 $a9910165758903321 952 0$aINU B 672$b948$fFARBC 952 $a19.957$b649/2018$fDARST 959 $aDARST 959 0$aFARBC 996 $aCome si applica l'imposta sulle aree fabbricabili$91466975 997 $aUNINA LEADER 00846nam a2200229 i 4500 001 991001845209707536 005 20020503154206.0 008 010315s1969 it ||| | ita 035 $ab10280911-39ule_inst 035 $aEXGIL92444$9ExL 040 $aBiblioteca Interfacoltà$bita 082 0 $a025.17 245 10$aArchivio giuridico Filippo Serafini :$b1868-1968 :$bcronache del centenario 260 $aModena :$bSTEM,$c1969 300 $a14 p. ;$c24 cm. 650 4$aModena$xArchivio giuridico Filippo Serafini 907 $a.b10280911$b02-04-14$c27-06-02 912 $a991001845209707536 945 $aLE002 Busta A 16 10$g1$i2002000760876$lle002$o-$pE0.00$q-$rl$s- $t0$u0$v0$w0$x0$y.i10333228$z27-06-02 996 $aArchivio giuridico Filippo Serafini$9209637 997 $aUNISALENTO 998 $ale002$b01-01-01$cm$da $e-$fita$git $h0$i1